00949nam a2200253 a 4500001001000000003000900010005001700019008004100036040003000077049000900107082002400116100003100140245005700171246002700228260004200255300002800297500005800325650003300383650003100416910003800447942001400485952017900499999001700678000025434DO-SdBNP20250609133712.0110216t1986 dr a 001 m spa d aDO-SdBNPbspacBNPHUerda aBNPD 4aRD868.44bD249h2221 aLeón Davidd1945-98493010aHuellas sobre la arena :baforismos /cLeón David.10aHuellas sobre la arena aSanto Domingo :bAlfa y Omega,c1986. a113 p. :bil. ;c21 cm. aIncluye datos biográficos del autor en las solapas. 0xAforismos y apotegmas983268 0aLiteratura dominicana.967 aValidado. Control de calidad EMS. 2ddccLBS1 0010718PDaPDbPDcHDd2011-02-16iLF1l0oRD868.44 D249hp25434-10r2020-06-25w2020-06-25yLFPDzAutografiado por el autor, dedicado a Alberto Baeza Flores.ZNo se presta c24926d24926